[Event "Olympiad Women-44"]
[Site "Chennai"]
[Date "2022.08.07"]
[Round "9.4"]
[White "Moshoboro, Sharell Arona"]
[Black "Mentile, Lishen"]
[Result "0-1"]
[WhiteElo "1611"]
[BlackElo "1486"]
[PlyCount "134"]
[EventDate "2022.07.29"]
[EventType "team-swiss"]
[EventRounds "11"]
[EventCountry "IND"]
[SourceTitle "CBM 210"]
[Source "ChessBase"]
[SourceDate "2022.10.31"]
[SourceVersion "1"]
[SourceVersionDate "2022.10.31"]
[SourceQuality "1"]
[WhiteTeam "Botswana (W)"]
[BlackTeam "Namibia (W)"]
[WhiteTeamCountry "BOT"]
[BlackTeamCountry "NAM"]

1. d4 d5 2. Nf3 Nf6 3. e3 e6 4. Bd3 Be7 5. Nbd2 b6 6. b3 Bb7 7. Bb2 Nbd7 8. 0-0 0-0 9. Ne5 Rc8 10. f4 c5 11. Qe2 Ne4 12. Nxd7 Qxd7 13. Rad1 cxd4 14. Nxe4 dxe4 15. Bc4 Qc6 16. Bxd4 Bc5 17. Bb5 Qd5 18. Bxg7 Bxe3+ 19. Qxe3 Qxb5 20. Bxf8 Kxf8 21. c4 Qc6 22. Rd2 Ke7 23. Rfd1 Kf6 24. Qh3 Qc5+ 25. Kf1 Qf5 26. Qh6+ Qg6 27. Qh4+ Kg7 28. Qg3 Bc6 29. Qc3+ Kh6 30. Qe5 Rg8 31. g3 Qg4 32. Qf6+ Rg6 33. Qxf7 e3 34. Qf8+ Kh5 35. Qd6 Qf3+ 36. Ke1 Qh1+ 37. Ke2 Qf3+ 38. Kd3 Be4+ 39. Kd4 exd2 40. Qe5+ Bf5 41. Rxd2 Qf1 42. Qc7 Qg1+ 43. Kc3 Qc1+ 44. Kb4 Qxd2+ 45. Ka3 Qa5+ 46. Kb2 h6 47. Qd8 Rg4 48. Qe8+ Bg6 49. Qxe6 Qf5 50. Qe7 Qc2+ 51. Ka3 Qc1+ 52. Ka4 Qc2 53. Ka3 Qf5 54. Kb2 Qa5 55. Qe2 Qc5 56. h3 Qd4+ 57. Ka3 Qd6+ 58. Ka4 Qc6+ 59. Ka3 Qd6+ 60. Kb2 Qd4+ 61. Ka3 Qd6+ 62. Ka4 Qc6+ 63. Kb4 a5+ 64. Kc3 Qf6+ 65. Qe5+ Qxe5+ 66. fxe5 Rxg3+ 67. Kd4 Rd3# 0-1

[Event "Speed Chess (Women) Q1"]
[Site "Chess.com INT"]
[Date "2022.05.25"]
[Round "14"]
[White "Thomas, Anysia"]
[Black "Mentile, Lishen"]
[Result "1-0"]
[WhiteElo "2126"]
[BlackElo "1486"]
[PlyCount "71"]
[EventDate "2022.05.24"]
[EventType "swiss (blitz)"]
[EventRounds "14"]
[EventCountry "USA"]
[SourceTitle "CBM 208 Extra"]
[Source "ChessBase"]
[SourceDate "2022.07.31"]
[SourceVersion "1"]
[SourceVersionDate "2022.07.31"]
[SourceQuality "1"]

1. d4 d5 2. Nf3 Nf6 3. c4 e6 4. g3 dxc4 5. Bg2 Nc6 6. 0-0 Be7 7. Na3 Bxa3 8. bxa3 0-0 9. Bb2 Bd7 10. Qc2 Ne7 11. Qxc4 Ng6 12. Rfe1 a6 13. e4 Bb5 14. Qc2 Rc8 15. Rad1 Qd7 16. Rd2 Ba4 17. Qc1 c6 18. Qc3 Rfd8 19. h4 Bb5 20. Rdd1 Ba4 21. Rd2 Bb5 22. Qe3 Ne7 23. Ne5 Qc7 24. g4 Ng6 25. Nxg6 hxg6 26. Qf3 Qe7 27. h5 gxh5 28. gxh5 Nh7 29. Re3 Qg5 30. Rd1 Ba4 31. Rde1 Bc2 32. Qh3 Ba4 33. Rg3 Qh6 34. d5 cxd5 35. Bxg7 Ng5 36. Bxh6 1-0

[Event "Online Olym Div4 B"]
[Site "Chess.com INT"]
[Date "2020.08.01"]
[Round "4.1"]
[White "Mentile, Lishen"]
[Black "Vilhete, Vania Fausto da T"]
[Result "0-1"]
[WhiteElo "1513"]
[BlackElo "1799"]
[PlyCount "86"]
[EventDate "2020.07.31"]
[EventType "team-tourn (rapid)"]
[EventRounds "9"]
[EventCountry "USA"]
[SourceTitle "CBM 198"]
[Source "ChessBase"]
[SourceDate "2020.10.31"]
[SourceVersion "1"]
[SourceVersionDate "2020.10.31"]
[SourceQuality "1"]
[WhiteTeam "Namibia"]
[BlackTeam "Mozambique"]
[WhiteTeamCountry "NAM"]
[BlackTeamCountry "MOZ"]

1. e4 c5 2. Nf3 d6 3. d4 cxd4 4. Nxd4 Nf6 5. Nc3 a6 6. Bc4 e6 7. 0-0 Be7 8. Bg5 Qc7 9. Bb3 0-0 10. Qe2 b5 11. f4 Nc6 12. Nxc6 Qxc6 13. e5 dxe5 14. fxe5 Bc5+ 15. Kh1 Nd5 16. Ne4 Bb7 17. Bxd5 Qxd5 18. Nxc5 Qxc5 19. Qg4 Qxc2 20. Bh6 Qxg2+ 21. Qxg2 Bxg2+ 22. Kxg2 gxh6 23. Rac1 Rac8 24. Rxc8 Rxc8 25. Rf2 Rc5 26. Re2 Kg7 27. Kf3 Rc4 28. h3 f6 29. exf6+ Kxf6 30. b3 Rc3+ 31. Kg4 Rc5 32. h4 h5+ 33. Kf4 a5 34. Re4 Rf5+ 35. Kg3 h6 36. a3 Rc5 37. Re3 e5 38. Rf3+ Ke6 39. Re3 b4 40. axb4 axb4 41. Re4 Rc3+ 42. Kf2 Rxb3 43. Ke2 Kf5 0-1

[Event "Africa-ch Blitz (Women)"]
[Site "Casablanca"]
[Date "2019.08.28"]
[Round "5.13"]
[White "Mentile, Lishen"]
[Black "Magne, Kouokam Sylviane"]
[Result "0-1"]
[WhiteElo "1513"]
[BlackElo "1487"]
[PlyCount "63"]
[EventDate "2019.08.28"]
[EventType "swiss (blitz)"]
[EventRounds "9"]
[EventCountry "MAR"]
[SourceTitle "EXT 2024"]
[Source "ChessBase"]
[SourceDate "2023.10.10"]
[SourceVersion "1"]
[SourceVersionDate "2023.10.10"]
[SourceQuality "1"]

1. e4 d5 2. exd5 Qxd5 3. Nc3 Qc5 4. d4 Qb6 5. Nf3 Bf5 6. Rb1 Qg6 7. Ne5 Qe6 8. Be2 f6 9. Nf3 Nc6 10. 0-0 Qd7 11. Bb5 a6 12. Ba4 b5 13. Bb3 e6 14. Re1 Bd6 15. d5 Ne5 16. dxe6 Bxe6 17. Bxe6 Qxe6 18. Nxe5 Bxe5 19. f4 Rd8 20. Qxd8+ Kxd8 21. fxe5 fxe5 22. Bg5+ Kc8 23. Rbd1 Qb6+ 24. Kh1 h6 25. Rd8+ Kb7 26. Be3 Qf6 27. Rdd1 Ne7 28. Rf1 Qg6 29. Nd5 Nf5 30. Nc3 Nxe3 31. Rf2 Nxd1 32. Nb1 0-1

[Event "Africa-ch Blitz (Women)"]
[Site "Casablanca"]
[Date "2019.08.28"]
[Round "6.12"]
[White "Tjaronda, Nicola"]
[Black "Mentile, Lishen"]
[Result "1/2-1/2"]
[WhiteElo "1545"]
[BlackElo "1513"]
[PlyCount "52"]
[EventDate "2019.08.28"]
[EventType "swiss (blitz)"]
[EventRounds "9"]
[EventCountry "MAR"]
[SourceTitle "EXT 2024"]
[Source "ChessBase"]
[SourceDate "2023.10.10"]
[SourceVersion "1"]
[SourceVersionDate "2023.10.10"]
[SourceQuality "1"]

1. c4 e5 2. g3 Nf6 3. Bg2 c6 4. d3 d5 5. Bg5 Be6 6. Nf3 Nbd7 7. cxd5 cxd5 8. 0-0 Be7 9. Bxf6 Nxf6 10. Re1 0-0 11. Nbd2 Qb6 12. b3 Rad8 13. Nxe5 Ng4 14. e3 Nxe5 15. d4 Nc6 16. Rc1 Qb4 17. Nf3 Bg4 18. Qc2 Qd6 19. h3 Bxf3 20. Bxf3 Bf6 21. Bg2 Rc8 22. Qd1 Qa3 23. Qe2 Qd6 24. Rc2 Nb4 25. Rxc8 Rxc8 26. Rd1 h6 1/2-1/2

[Event "Africa-chT rapid (Women)"]
[Site "Casablanca"]
[Date "2019.08.27"]
[Round "7.11"]
[White "Mentile, Lishen"]
[Black "Ndirangu, Joyce Nyaruai"]
[Result "0-1"]
[WhiteElo "1513"]
[BlackElo "1603"]
[PlyCount "126"]
[EventDate "2019.08.26"]
[EventType "swiss (rapid)"]
[EventRounds "9"]
[EventCountry "MAR"]
[SourceTitle "EXT 2020"]
[Source "ChessBase"]
[SourceDate "2019.10.17"]
[SourceVersion "1"]
[SourceVersionDate "2019.10.17"]
[SourceQuality "1"]

1. e4 c5 2. Nf3 g6 3. d4 cxd4 4. Nxd4 Bg7 5. Nc3 d6 6. Bc4 Nf6 7. Be3 a6 8. 0-0 0-0 9. h3 b5 10. Bb3 Bb7 11. Qd3 Nbd7 12. f3 Ne5 13. Qd2 Nc4 14. Bxc4 bxc4 15. Bh6 Bxh6 16. Qxh6 Qb6 17. Qe3 Rfb8 18. Rab1 Bc6 19. Rfe1 Bd7 20. f4 e5 21. fxe5 dxe5 22. Nf3 Qxe3+ 23. Rxe3 Re8 24. Rd1 Rab8 25. b3 cxb3 26. cxb3 Rb6 27. Nd5 Nxd5 28. Rxd5 Be6 29. Rxe5 Rd8 30. Re2 f6 31. Rc5 Rd7 32. e5 fxe5 33. Rexe5 Bf5 34. Nh4 Bb1 35. Re2 Rbd6 36. Nf3 Rd1+ 37. Kh2 Bd3 38. Rd2 Rxd2 39. Nxd2 Bb5 40. Nf3 Rb7 41. Rc8+ Kg7 42. Rc2 Bd3 43. Rd2 Be4 44. Ng5 Bf5 45. Re2 h6 46. Ne6+ Kf6 47. Nc5 Rb6 48. Rf2 Ke7 49. Na4 Re6 50. Nc3 h5 51. Nd5+ Kd6 52. Nf4 Re8 53. Ne2 Kd5 54. Nc3+ Kd4 55. Na4 Kd3 56. Nc5+ Ke3 57. Rf3+ Ke2 58. Nxa6 Ra8 59. Nb4 Be4 60. Rc3 Ra5 61. Nc2 Ba8 62. Rc8 Rxa2 63. Nd4+ Kd3 0-1

[Event "Olympiad Women-43"]
[Site "Batumi"]
[Date "2018.10.03"]
[Round "9.2"]
[White "Leung, Hoi Ting"]
[Black "Mentile, Lishen"]
[Result "1-0"]
[WhiteElo "1284"]
[BlackElo "1502"]
[PlyCount "91"]
[EventDate "2018.09.24"]
[EventType "team-swiss"]
[EventRounds "11"]
[EventCountry "GEO"]
[SourceTitle "EXT 2020"]
[Source "ChessBase"]
[SourceDate "2019.10.17"]
[SourceVersion "1"]
[SourceVersionDate "2019.10.17"]
[SourceQuality "1"]
[WhiteTeam "Hong Kong (W)"]
[BlackTeam "Namibia (W)"]
[WhiteTeamCountry "HKG"]
[BlackTeamCountry "NAM"]

1. e4 d5 2. exd5 Qxd5 3. Nc3 Qd6 4. d4 c6 5. Nf3 Nf6 6. Bc4 Bg4 7. Be3 Nbd7 8. a3 e6 9. Be2 Be7 10. Qd2 h6 11. Bf4 e5 12. Nxe5 Nxe5 13. Bxe5 Qe6 14. 0-0 0-0 15. Rfe1 Qd7 16. Rad1 Rad8 17. Qf4 Bxe2 18. Nxe2 c5 19. Qc1 Qc6 20. Ng3 Ng4 21. Bxg7 Bg5 22. f4 Kxg7 23. fxg5 hxg5 24. Qxg5+ Qg6 25. Qxg6+ fxg6 26. dxc5 Rc8 27. Re7+ Kg8 28. Rdd7 Nf6 29. Rxb7 Rxc5 30. c3 Rd5 31. h3 Re8 32. Rxa7 Rxe7 33. Rxe7 Kf8 34. Rb7 Rd3 35. Kh2 Ke8 36. a4 Kd8 37. Rg7 Rd2 38. Rxg6 Nd7 39. b4 Rd3 40. Rc6 Ne5 41. Rc5 Nd7 42. Rc4 Nb6 43. Rd4+ Rxd4 44. cxd4 Nxa4 45. Ne2 Kd7 46. g4 1-0

[Event "Olympiad Women-43"]
[Site "Batumi"]
[Date "2018.10.02"]
[Round "8.2"]
[White "Mentile, Lishen"]
[Black "Farrugia, Jamie"]
[Result "1-0"]
[WhiteElo "1502"]
[BlackElo "1582"]
[PlyCount "117"]
[EventDate "2018.09.24"]
[EventType "team-swiss"]
[EventRounds "11"]
[EventCountry "GEO"]
[SourceTitle "EXT 2020"]
[Source "ChessBase"]
[SourceDate "2019.10.17"]
[SourceVersion "1"]
[SourceVersionDate "2019.10.17"]
[SourceQuality "1"]
[WhiteTeam "Namibia (W)"]
[BlackTeam "Malta (W)"]
[WhiteTeamCountry "NAM"]
[BlackTeamCountry "MLT"]

1. e4 e5 2. Nf3 Nc6 3. Bc4 Bc5 4. c3 Nf6 5. d3 d6 6. h3 Be6 7. Nbd2 0-0 8. b4 Bb6 9. a4 a5 10. b5 Ne7 11. Ba2 Ng6 12. Nc4 Bc5 13. Be3 Nd7 14. 0-0 h6 15. d4 Bxc4 16. Bxc4 Ba7 17. Nd2 Qf6 18. Qf3 Kh8 19. Rad1 Nf4 20. dxe5 dxe5 21. Nb3 Nb6 22. Bxb6 Bxb6 23. Kh2 Qe7 24. Qg4 Rad8 25. g3 Ng6 26. Ra1 Rd7 27. Bd5 Rb8 28. Kg2 Nf8 29. Rfd1 Qf6 30. Qf3 Qxf3+ 31. Kxf3 Rbd8 32. Ke2 Ne6 33. f3 Rd6 34. Bxb7 Rxd1 35. Rxd1 Rxd1 36. Kxd1 Nc5 37. Nxc5 Bxc5 38. Kd2 Kg8 39. Kd3 Kf8 40. Kc4 Bb6 41. Kd5 f6 42. Ke6 Ke8 43. Bd5 Bc5 44. Bc6+ Kf8 45. g4 Bb6 46. h4 Be3 47. h5 Bb6 48. Bd7 Bc5 49. Kd5 Bb6 50. Kc6 Ke7 51. Bf5 Kd8 52. c4 Be3 53. c5 Bd4 54. b6 cxb6 55. cxb6 Bxb6 56. Kxb6 Ke7 57. Kxa5 Kd6 58. Kb6 g6 59. hxg6 1-0

[Event "Olympiad Women-42"]
[Site "Baku"]
[Date "2016.09.02"]
[Round "1.48"]
[White "Dimitrijevic, Aleksandra"]
[Black "Mentile, Lishen"]
[Result "1-0"]
[WhiteElo "2254"]
[BlackElo "1480"]
[PlyCount "103"]
[EventDate "2016.09.02"]
[EventType "team-swiss"]
[EventRounds "11"]
[EventCountry "AZE"]
[SourceTitle "CBM 174 Extra"]
[Source "ChessBase"]
[SourceDate "2016.10.10"]
[SourceVersion "1"]
[SourceVersionDate "2016.10.10"]
[SourceQuality "1"]
[WhiteTeam "Bosnia&Herzegovina (W)"]
[BlackTeam "Namibia (W)"]
[WhiteTeamCountry "BIH"]
[BlackTeamCountry "NAM"]

1. e4 e5 2. Nf3 Nc6 3. d3 d6 4. c3 Be6 5. Be2 h6 6. Nbd2 Nf6 7. Nf1 Be7 8. Ng3 Nh7 9. h4 Bg4 10. h5 Bxf3 11. Bxf3 Bf6 12. Qb3 Rb8 13. Nf5 Ne7 14. Qa4+ Nc6 15. Qb3 0-0 16. g3 Ne7 17. Be3 b6 18. Nh4 Qd7 19. Qd1 d5 20. Qe2 d4 21. cxd4 exd4 22. Bf4 Nc6 23. Bg4 Qd8 24. Nf3 Re8 25. Rc1 Ne5 26. Nxe5 Bxe5 27. Rc6 Bxf4 28. gxf4 Nf6 29. Bf5 Qe7 30. 0-0 Rb7 31. Kh1 Kh8 32. Rg1 Rg8 33. Qf3 Qe8 34. e5 Nh7 35. Rxh6 gxh6 36. Qxb7 Rxg1+ 37. Kxg1 Qd8 38. Qc8 Qxc8 39. Bxc8 Kg7 40. Kg2 Kf8 41. Bf5 Kg7 42. Bxh7 Kxh7 43. f5 Kg7 44. Kf3 Kf8 45. Ke4 c5 46. Kd5 Ke7 47. a4 f6 48. e6 Ke8 49. b3 Ke7 50. a5 Ke8 51. axb6 axb6 52. Kc6 1-0

[Event "Africa-ch (Women)"]
[Site "Windhoek"]
[Date "2014.12.14"]
[Round "2"]
[White "Mentile, Lishen"]
[Black "Tjatindi, Kamutuua"]
[Result "1/2-1/2"]
[WhiteElo "1418"]
[BlackElo "1431"]
[PlyCount "106"]
[EventDate "2014.12.13"]
[EventType "swiss"]
[EventRounds "7"]
[EventCountry "NAM"]
[SourceTitle "EXT 2016"]
[Source "ChessBase"]
[SourceDate "2015.10.08"]
[SourceVersion "1"]
[SourceVersionDate "2015.10.08"]
[SourceQuality "1"]

1. e4 e5 2. Nf3 Nc6 3. Bc4 Bd6 4. Nc3 Be7 5. d4 d6 6. dxe5 dxe5 7. Qxd8+ Bxd8 8. Bb5 Nge7 9. Nxe5 0-0 10. Nxc6 Nxc6 11. Bxc6 bxc6 12. Bf4 Bg4 13. 0-0 Rb8 14. Rab1 f5 15. f3 Bh5 16. exf5 Rxf5 17. Be3 Ra5 18. Rfd1 Be7 19. b3 Bf6 20. Bd4 Be7 21. a4 a6 22. Re1 Bd6 23. Ne4 Bg6 24. Nxd6 cxd6 25. Rbc1 Rd5 26. Red1 c5 27. Be3 Rxd1+ 28. Rxd1 Bxc2 29. Rxd6 Bxb3 30. Bxc5 Bc4 31. a5 Re8 32. Bb6 Kf7 33. Kf2 Re2+ 34. Kg3 g5 35. Rh6 Kg7 36. Rc6 Rc2 37. Bd4+ Kf7 38. Rf6+ Kg8 39. Be3 Ra2 40. Bb6 Kg7 41. Rd6 h5 42. h4 gxh4+ 43. Kxh4 Rxg2 44. Kxh5 Be2 45. Bd4+ Kf7 46. Rf6+ Ke7 47. Kh4 Rg8 48. Rf4 Kd6 49. Bb6 Bb5 50. Rg4 Rxg4+ 51. fxg4 Ke6 52. Kg5 Kf7 53. Kh6 Kg8 1/2-1/2